[Event "Blitz 2018"]
[Site "Saint-Petersburg"]
[Date "2018.12.29"]
[Round "9"]
[Board "52"]
[White "Afonasieva Anna (RUS)"]
[Black "Arutyunova Diana (UKR)"]
[Result "0-1"]
[BlackElo "2307"]
[WhiteElo "1954"]
[LiveChessVersion "1.4.8"]

1. d4 {[%clk 0:03:03]} e6 {[%clk 0:03:04]} 2. Nf3 {[%clk 0:03:03]} f5
{[%clk 0:03:05]} 3. c4 {[%clk 0:03:03]} Nf6 {[%clk 0:03:06]} 4. g3
{[%clk 0:03:03]} Be7 {[%clk 0:03:08]} 5. Bg2 {[%clk 0:03:04]} O-O
{[%clk 0:03:09]} 6. O-O d6 7. Nc3 {[%clk 0:03:03]} Ne4 {[%clk 0:03:11]} 8. Qc2
{[%clk 0:02:45]} Nxc3 {[%clk 0:03:12]} 9. Qxc3 {[%clk 0:02:44]} a5
{[%clk 0:03:13]} 10. b3 {[%clk 0:02:38]} Bf6 {[%clk 0:03:07]} 11. Bb2
{[%clk 0:02:35]} Nc6 {[%clk 0:03:06]} 12. Qc2 {[%clk 0:02:30]} e5
{[%clk 0:03:04]} 13. dxe5 {[%clk 0:02:24]} dxe5 {[%clk 0:03:06]} 14. Rad1
{[%clk 0:02:04]} Qe8 {[%clk 0:03:07]} 15. e4 {[%clk 0:02:01]} Qh5
{[%clk 0:03:00]} 16. c5 {[%clk 0:01:33]} Kh8 {[%clk 0:02:33]} 17. Nd2
{[%clk 0:01:18]} f4 {[%clk 0:02:29]} 18. Qc3 {[%clk 0:00:45]} Nd4
{[%clk 0:02:26]} 19. Qd3 {[%clk 0:00:33]} Ne2+ {[%clk 0:02:12]} 20. Kh1
{[%clk 0:00:34]} Rd8 {[%clk 0:01:52]} 21. Bf3 {[%clk 0:00:23]} Rxd3
{[%clk 0:01:40]} 22. Bxh5 {[%clk 0:00:24]} Nc3 {[%clk 0:01:39]} 23. Bxc3
{[%clk 0:00:24]} Rxc3 {[%clk 0:01:40]} 24. gxf4 {[%clk 0:00:22]} exf4
{[%clk 0:01:36]} 25. Nc4 {[%clk 0:00:23]} Be6 {[%clk 0:01:37]} 26. Rc1 Rh3
{[%clk 0:01:24]} 27. Be2 {[%clk 0:00:19]} f3 {[%clk 0:01:24]} 28. Bd3
{[%clk 0:00:20]} Bg5 {[%clk 0:01:25]} 29. Rg1 {[%clk 0:00:14]} Bf4
{[%clk 0:01:24]} 30. Rgd1 {[%clk 0:00:11]} Rxh2+ {[%clk 0:01:24]} 31. Kg1
{[%clk 0:00:12]} Rg2+ {[%clk 0:01:23]} 32. Kf1 {[%clk 0:00:14]} Bh2
{[%clk 0:01:09]} 33. Ke1 {[%clk 0:00:14]} Bg1 {[%clk 0:01:10]} 34. Kd2
{[%clk 0:00:15]} Rxf2+ {[%clk 0:01:09]} 35. Kc3 {[%clk 0:00:15]} Bh2
{[%clk 0:01:08]} 36. Rf1 {[%clk 0:00:16]} Rxf1 {[%clk 0:01:07]} 37. Rxf1
{[%clk 0:00:16]} Rf8 {[%clk 0:01:07]} 38. Ne5 {[%clk 0:00:17]} Bxe5+
{[%clk 0:01:08]} 39. Kd4 0-1

[Event "Blitz 2018"]
[Site "Saint-Petersburg"]
[Date "2018.12.29"]
[Round "9"]
[Board "62"]
[White "Loskutova Viktoriya (RUS)"]
[Black "Belova Olga (RUS)"]
[Result "1-0"]
[BlackElo "2059"]
[WhiteElo "1923"]
[LiveChessVersion "1.4.8"]

1. e4 {[%clk 0:03:03]} e5 {[%clk 0:03:02]} 2. Nf3 {[%clk 0:03:03]} Nc6
{[%clk 0:03:01]} 3. Bb5 {[%clk 0:03:04]} g6 {[%clk 0:03:01]} 4. O-O
{[%clk 0:03:02]} Bg7 {[%clk 0:03:02]} 5. d3 {[%clk 0:03:00]} a6 {[%clk 0:02:59]}
6. Ba4 {[%clk 0:03:01]} d6 {[%clk 0:02:56]} 7. c3 {[%clk 0:03:00]} Nge7
{[%clk 0:02:49]} 8. Bg5 {[%clk 0:02:44]} f6 {[%clk 0:02:44]} 9. Be3
{[%clk 0:02:43]} O-O {[%clk 0:02:42]} 10. Bb3+ {[%clk 0:02:35]} Kh8
{[%clk 0:02:43]} 11. d4 {[%clk 0:02:28]} Bg4 {[%clk 0:02:24]} 12. d5
{[%clk 0:01:58]} Nb8 {[%clk 0:02:22]} 13. h3 {[%clk 0:01:45]} Bxf3
{[%clk 0:02:13]} 14. Qxf3 {[%clk 0:01:45]} f5 {[%clk 0:02:13]} 15. Bg5
{[%clk 0:01:29]} Nd7 {[%clk 0:01:59]} 16. Bc2 {[%clk 0:01:22]} fxe4
{[%clk 0:01:50]} 17. Qxe4 {[%clk 0:01:21]} Qe8 {[%clk 0:01:43]} 18. Bxe7
{[%clk 0:01:16]} Qxe7 {[%clk 0:01:44]} 19. Nd2 {[%clk 0:01:15]} Nf6
{[%clk 0:01:40]} 20. Qd3 {[%clk 0:01:03]} Nh5 {[%clk 0:01:40]} 21. g3
{[%clk 0:00:58]} Rf7 {[%clk 0:01:12]} 22. Bd1 {[%clk 0:00:52]} Nf6
{[%clk 0:01:07]} 23. Ne4 {[%clk 0:00:52]} Raf8 {[%clk 0:00:56]} 24. Ng5
{[%clk 0:00:51]} e4 {[%clk 0:00:25]} 25. Nxf7+ {[%clk 0:00:51]} Qxf7
{[%clk 0:00:25]} 26. Qd2 {[%clk 0:00:51]} Qd7 {[%clk 0:00:19]} 27. Kg2
{[%clk 0:00:49]} Qf5 {[%clk 0:00:13]} 28. Be2 {[%clk 0:00:35]} Nxd5
{[%clk 0:00:12]} 29. Rad1 {[%clk 0:00:34]} Nf6 {[%clk 0:00:13]} 30. Qe3
{[%clk 0:00:32]} d5 {[%clk 0:00:12]} 31. Qc5 {[%clk 0:00:31]} c6 {[%clk 0:00:12]}
32. c4 {[%clk 0:00:28]} Rc8 {[%clk 0:00:07]} 33. Qb6 {[%clk 0:00:24]} Qd7
{[%clk 0:00:07]} 34. cxd5 {[%clk 0:00:22]} cxd5 {[%clk 0:00:05]} 35. Rc1
{[%clk 0:00:22]} Re8 {[%clk 0:00:04]} 36. Rc7 {[%clk 0:00:23]} Qf5
{[%clk 0:00:06]} 37. Qxb7 {[%clk 0:00:23]} Rg8 {[%clk 0:00:06]} 38. Rc6
{[%clk 0:00:18]} e3 {[%clk 0:00:07]} 39. fxe3 Qe4+ 40. Bf3 {[%clk 0:00:16]} Qxe3
{[%clk 0:00:10]} 41. Qb3 {[%clk 0:00:15]} Qd2+ {[%clk 0:00:11]} 42. Rf2
{[%clk 0:00:16]} Qd4 {[%clk 0:00:12]} 43. Qc3 {[%clk 0:00:15]} Qa7
{[%clk 0:00:11]} 44. Rc7 {[%clk 0:00:16]} Qb8 {[%clk 0:00:12]} 45. Qc6
{[%clk 0:00:15]} Qb4 {[%clk 0:00:05]} 46. a3 {[%clk 0:00:15]} Qb3
{[%clk 0:00:06]} 47. Qc2 {[%clk 0:00:15]} Qb8 {[%clk 0:00:08]} 48. b4
{[%clk 0:00:14]} Ne4 {[%clk 0:00:07]} 49. Bxe4 {[%clk 0:00:13]} dxe4
{[%clk 0:00:08]} 50. Qc4 {[%clk 0:00:13]} e3 {[%clk 0:00:08]} 51. Re2
{[%clk 0:00:14]} Qa8+ {[%clk 0:00:08]} 52. Qc6 {[%clk 0:00:15]} Qd8
{[%clk 0:00:07]} 53. Rd7 {[%clk 0:00:15]} Qe8 {[%clk 0:00:04]} 54. Qb7
{[%clk 0:00:16]} Qe5 {[%clk 0:00:04]} 55. Re7 {[%clk 0:00:16]} Qc3
{[%clk 0:00:05]} 56. R7xe3 {[%clk 0:00:14]} Qd4 {[%clk 0:00:05]} 57. Qe4
{[%clk 0:00:14]} Qa1 {[%clk 0:00:06]} 58. Rc2 {[%clk 0:00:15]} Rf8
{[%clk 0:00:07]} 59. Re1 {[%clk 0:00:14]} Qf6 {[%clk 0:00:06]} 60. Qe3
{[%clk 0:00:15]} Qf7 {[%clk 0:00:03]} 61. Rce2 {[%clk 0:00:16]} Qb7+
{[%clk 0:00:04]} 62. Qe4 {[%clk 0:00:17]} Qb5 {[%clk 0:00:05]} 63. Rd2
{[%clk 0:00:17]} Qh5 {[%clk 0:00:06]} 64. g4 {[%clk 0:00:18]} Qg5
{[%clk 0:00:07]} 65. Qe3 {[%clk 0:00:17]} Qb5 {[%clk 0:00:08]} 66. Qe2
{[%clk 0:00:17]} Bh6 {[%clk 0:00:10]} 67. Qxb5 {[%clk 0:00:17]} axb5
{[%clk 0:00:10]} 68. Rde2 {[%clk 0:00:18]} Bg7 {[%clk 0:00:11]} 69. Re8
{[%clk 0:00:20]} Kg8 70. Rxf8+ {[%clk 0:00:20]} Kxf8 {[%clk 0:00:14]} 71. Rd1
{[%clk 0:00:21]} Bb2 {[%clk 0:00:14]} 72. Rd5 {[%clk 0:00:22]} Bxa3
{[%clk 0:00:16]} 73. Rxb5 Ke7 74. Rb7+ {[%clk 0:00:24]} Kf6 {[%clk 0:00:19]} 75.
b5 {[%clk 0:00:25]} Bd6 {[%clk 0:00:20]} 76. Rxh7 {[%clk 0:00:26]} Bc5
{[%clk 0:00:22]} 77. Rb7 {[%clk 0:00:26]} Ke5 {[%clk 0:00:23]} 78. b6 1-0

[Event "Blitz 2018"]
[Site "Saint-Petersburg"]
[Date "2018.12.30"]
[Round "10"]
[Board "1"]
[White "Lagno Kateryna (RUS)"]
[Black "Tan Zhongyi (CHN)"]
[Result "1-0"]
[BlackElo "2494"]
[WhiteElo "2560"]
[LiveChessVersion "1.4.8"]

1. e4 {[%clk 0:03:02]} d6 {[%clk 0:03:03]} 2. d4 {[%clk 0:03:03]} g6
{[%clk 0:03:04]} 3. Nc3 {[%clk 0:03:02]} Bg7 {[%clk 0:03:05]} 4. Be3
{[%clk 0:03:02]} a6 {[%clk 0:03:06]} 5. Nf3 {[%clk 0:02:59]} b5 {[%clk 0:03:06]}
6. Qd2 {[%clk 0:02:59]} Nf6 {[%clk 0:03:04]} 7. Bh6 {[%clk 0:02:56]} O-O
{[%clk 0:03:02]} 8. Bd3 {[%clk 0:02:55]} Nc6 {[%clk 0:03:02]} 9. a4
{[%clk 0:02:55]} b4 {[%clk 0:02:31]} 10. Nd5 {[%clk 0:02:55]} a5 {[%clk 0:02:02]}
11. O-O {[%clk 0:02:43]} Bg4 {[%clk 0:01:49]} 12. c3 {[%clk 0:01:51]} bxc3
{[%clk 0:01:35]} 13. bxc3 {[%clk 0:01:52]} Bxf3 {[%clk 0:01:22]} 14. gxf3
{[%clk 0:01:51]} Bxh6 {[%clk 0:01:10]} 15. Qxh6 {[%clk 0:01:51]} e6
{[%clk 0:00:59]} 16. Bb5 {[%clk 0:01:21]} exd5 {[%clk 0:00:28]} 17. Bxc6
{[%clk 0:01:21]} Rb8 {[%clk 0:00:29]} 18. Rab1 {[%clk 0:00:56]} Rxb1
{[%clk 0:00:27]} 19. Rxb1 {[%clk 0:00:57]} dxe4 {[%clk 0:00:24]} 20. fxe4
{[%clk 0:00:58]} Nh5 {[%clk 0:00:22]} 21. Qe3 {[%clk 0:00:41]} Qh4
{[%clk 0:00:19]} 22. Qf3 {[%clk 0:00:38]} Qg5+ {[%clk 0:00:18]} 23. Kh1
{[%clk 0:00:36]} f5 {[%clk 0:00:14]} 24. e5 {[%clk 0:00:35]} dxe5
{[%clk 0:00:14]} 25. dxe5 {[%clk 0:00:36]} Qe7 {[%clk 0:00:14]} 26. e6
{[%clk 0:00:34]} Rd8 {[%clk 0:00:13]} 27. Re1 {[%clk 0:00:33]} Nf6
{[%clk 0:00:11]} 28. h3 {[%clk 0:00:24]} Rd6 {[%clk 0:00:12]} 29. Bb5
{[%clk 0:00:21]} Kg7 {[%clk 0:00:13]} 30. Qe3 {[%clk 0:00:19]} c6
{[%clk 0:00:09]} 31. Bc4 {[%clk 0:00:20]} Kg8 {[%clk 0:00:09]} 32. Qe5
{[%clk 0:00:20]} Kg7 {[%clk 0:00:10]} 33. Rb1 {[%clk 0:00:19]} Rd8
{[%clk 0:00:11]} 34. Ba6 {[%clk 0:00:19]} Re8 {[%clk 0:00:12]} 35. Rb7
{[%clk 0:00:20]} Kf8 {[%clk 0:00:08]} 36. Rxe7 {[%clk 0:00:20]} Kxe7
{[%clk 0:00:10]} 37. Qc7+ {[%clk 0:00:20]} Kxe6 {[%clk 0:00:10]} 38. Bc4+
{[%clk 0:00:20]} Kd5 1-0

[Event "Blitz 2018"]
[Site "Saint-Petersburg"]
[Date "2018.12.30"]
[Round "11"]
[Board "19"]
[White "Voit Daria (RUS)"]
[Black "Sukhareva Evgeniya (RUS)"]
[Result "1-0"]
[BlackElo "2219"]
[WhiteElo "2334"]
[LiveChessVersion "1.4.8"]

1. Nf3 {[%clk 0:03:03]} Nf6 {[%clk 0:03:03]} 2. c4 {[%clk 0:03:04]} e6
{[%clk 0:03:02]} 3. g3 {[%clk 0:03:04]} b6 {[%clk 0:03:03]} 4. Bg2
{[%clk 0:03:05]} Bb7 {[%clk 0:03:05]} 5. O-O {[%clk 0:03:05]} g6 {[%clk 0:03:06]}
6. Nc3 {[%clk 0:03:05]} Bg7 {[%clk 0:03:07]} 7. Qc2 {[%clk 0:03:00]} O-O
{[%clk 0:03:05]} 8. e4 {[%clk 0:03:00]} d6 {[%clk 0:03:01]} 9. d4
{[%clk 0:03:00]} c5 {[%clk 0:03:02]} 10. Rd1 {[%clk 0:02:59]} cxd4
{[%clk 0:02:44]} 11. Nxd4 {[%clk 0:02:59]} Qe7 {[%clk 0:02:42]} 12. b3
{[%clk 0:02:38]} a6 {[%clk 0:02:43]} 13. Ba3 {[%clk 0:02:39]} Rd8
{[%clk 0:02:40]} 14. e5 {[%clk 0:02:38]} Ne8 {[%clk 0:02:36]} 15. exd6
{[%clk 0:02:34]} Nxd6 {[%clk 0:02:35]} 16. Bxb7 {[%clk 0:02:24]} Qxb7
{[%clk 0:02:31]} 17. Nxe6 {[%clk 0:02:18]} fxe6 {[%clk 0:02:32]} 18. Rxd6
{[%clk 0:02:07]} Rxd6 {[%clk 0:02:32]} 19. Bxd6 {[%clk 0:02:08]} Qf3
{[%clk 0:02:10]} 20. Rc1 {[%clk 0:02:03]} Nc6 {[%clk 0:02:11]} 21. Qe4
{[%clk 0:02:00]} Qxe4 {[%clk 0:01:38]} 22. Nxe4 {[%clk 0:02:01]} Nd4
{[%clk 0:01:35]} 23. Kg2 {[%clk 0:02:02]} Bh6 {[%clk 0:01:03]} 24. Rd1
{[%clk 0:02:00]} Bg7 {[%clk 0:01:03]} 25. c5 {[%clk 0:01:48]} bxc5
{[%clk 0:01:01]} 26. Bxc5 {[%clk 0:01:44]} e5 {[%clk 0:01:00]} 27. Rc1
{[%clk 0:01:15]} Bh6 {[%clk 0:00:53]} 28. Rc4 {[%clk 0:01:16]} Bg7
{[%clk 0:00:52]} 29. Bd6 {[%clk 0:01:15]} Nf5 {[%clk 0:00:35]} 30. Rc6
{[%clk 0:01:12]} a5 {[%clk 0:00:25]} 31. Bc5 {[%clk 0:01:08]} a4 {[%clk 0:00:22]}
32. bxa4 {[%clk 0:01:03]} Rxa4 {[%clk 0:00:23]} 33. Rc8+ {[%clk 0:01:04]} Kf7
{[%clk 0:00:23]} 34. Ng5+ {[%clk 0:01:04]} Kf6 {[%clk 0:00:22]} 35. Nxh7+
{[%clk 0:01:03]} Kf7 {[%clk 0:00:23]} 36. Ng5+ {[%clk 0:00:48]} Kf6
{[%clk 0:00:24]} 37. h4 {[%clk 0:00:49]} Nxh4+ {[%clk 0:00:18]} 38. gxh4
{[%clk 0:00:49]} Rxh4 {[%clk 0:00:19]} 39. Nf3 {[%clk 0:00:35]} Rg4+
{[%clk 0:00:19]} 40. Kf1 {[%clk 0:00:36]} Ra4 {[%clk 0:00:19]} 41. a3
{[%clk 0:00:37]} Bh6 {[%clk 0:00:19]} 42. Re8 {[%clk 0:00:26]} Bf4
{[%clk 0:00:18]} 43. Bd6 {[%clk 0:00:25]} Ra5 {[%clk 0:00:15]} 44. Bb4
{[%clk 0:00:26]} Ra6 {[%clk 0:00:15]} 45. Ke2 {[%clk 0:00:27]} Kf5
{[%clk 0:00:16]} 46. Rf8+ {[%clk 0:00:27]} Ke6 {[%clk 0:00:14]} 47. Kd3
{[%clk 0:00:27]} g5 {[%clk 0:00:14]} 48. Re8+ {[%clk 0:00:28]} Kf5
{[%clk 0:00:16]} 49. Nd2 {[%clk 0:00:26]} g4 {[%clk 0:00:15]} 50. Rf8+
{[%clk 0:00:27]} Ke6 {[%clk 0:00:16]} 51. Ne4 {[%clk 0:00:27]} Ra7
{[%clk 0:00:17]} 52. Rg8 {[%clk 0:00:27]} Rd7+ {[%clk 0:00:18]} 53. Ke2
{[%clk 0:00:26]} Rc7 {[%clk 0:00:19]} 54. Re8+ {[%clk 0:00:24]} Kf5
{[%clk 0:00:19]} 55. Nd6+ {[%clk 0:00:25]} Kf6 {[%clk 0:00:20]} 56. Ne4+
{[%clk 0:00:23]} Rc2+ {[%clk 0:00:21]} 1-0

[Event "Blitz 2018"]
[Site "Saint-Petersburg"]
[Date "2018.12.30"]
[Round "11"]
[Board "31"]
[White "Tsatsalashvili Keti (GEO)"]
[Black "Danielian Elina (ARM)"]
[Result "0-1"]
[BlackElo "2390"]
[WhiteElo "2211"]
[LiveChessVersion "1.4.8"]

1. Nf3 {[%clk 0:03:01]} Nf6 {[%clk 0:03:00]} 2. g3 {[%clk 0:03:02]} b6
{[%clk 0:02:58]} 3. Bg2 {[%clk 0:03:03]} Bb7 {[%clk 0:03:00]} 4. O-O
{[%clk 0:03:03]} e6 {[%clk 0:02:59]} 5. d4 {[%clk 0:03:03]} Be7 {[%clk 0:03:00]}
6. c4 {[%clk 0:03:04]} O-O {[%clk 0:03:00]} 7. Nc3 {[%clk 0:03:05]} Ne4
{[%clk 0:03:01]} 8. Qc2 {[%clk 0:03:02]} Nxc3 {[%clk 0:03:02]} 9. Qxc3
{[%clk 0:02:58]} d6 {[%clk 0:02:58]} 10. b3 {[%clk 0:02:58]} Nd7 {[%clk 0:02:52]}
11. Rd1 {[%clk 0:02:58]} Bf6 {[%clk 0:02:45]} 12. Bb2 {[%clk 0:02:59]} a5
{[%clk 0:02:37]} 13. a3 {[%clk 0:02:58]} a4 {[%clk 0:02:21]} 14. b4
{[%clk 0:02:57]} c5 {[%clk 0:02:18]} 15. Qc2 {[%clk 0:02:49]} Qc7
{[%clk 0:02:01]} 16. dxc5 {[%clk 0:02:38]} dxc5 {[%clk 0:01:49]} 17. b5
{[%clk 0:02:37]} Bxb2 {[%clk 0:01:43]} 18. Qxb2 {[%clk 0:02:38]} Rfd8
{[%clk 0:01:30]} 19. Rd2 {[%clk 0:02:31]} h6 {[%clk 0:00:49]} 20. Rad1
{[%clk 0:02:31]} Nf6 {[%clk 0:00:40]} 21. Rxd8+ {[%clk 0:02:06]} Rxd8
{[%clk 0:00:41]} 22. Rxd8+ {[%clk 0:02:05]} Qxd8 {[%clk 0:00:42]} 23. Qc2
{[%clk 0:02:06]} Qa8 {[%clk 0:00:21]} 24. Qd3 {[%clk 0:01:36]} Be4
{[%clk 0:00:15]} 25. Qd6 {[%clk 0:01:34]} Qa5 {[%clk 0:00:16]} 26. Qd2
{[%clk 0:01:25]} Qa8 {[%clk 0:00:09]} 27. h3 {[%clk 0:01:19]} g5 {[%clk 0:00:08]}
28. Qd6 {[%clk 0:00:54]} Qa5 {[%clk 0:00:09]} 29. Qd2 {[%clk 0:00:51]} Qa8
{[%clk 0:00:09]} 30. Ne1 {[%clk 0:00:47]} Bxg2 31. Nxg2 {[%clk 0:00:48]} Kg7
{[%clk 0:00:11]} 32. Ne1 {[%clk 0:00:41]} Qe4 {[%clk 0:00:11]} 33. Qd3
{[%clk 0:00:42]} Qe5 {[%clk 0:00:10]} 34. Nf3 {[%clk 0:00:42]} Qb2
{[%clk 0:00:09]} 35. Kg2 {[%clk 0:00:41]} Qb3 {[%clk 0:00:09]} 36. Nd2
{[%clk 0:00:40]} Qb2 {[%clk 0:00:09]} 37. Nf3 {[%clk 0:00:35]} Qb3
{[%clk 0:00:10]} 38. Nd2 {[%clk 0:00:29]} Qb2 {[%clk 0:00:10]} 39. Nf3
{[%clk 0:00:22]} Qb3 {[%clk 0:00:11]} 40. Ne1 {[%clk 0:00:22]} Qb2
{[%clk 0:00:09]} 41. e4 {[%clk 0:00:17]} Qd4 {[%clk 0:00:09]} 42. Qxd4
{[%clk 0:00:17]} cxd4 {[%clk 0:00:10]} 43. f3 {[%clk 0:00:14]} Nd7
{[%clk 0:00:10]} 44. Nd3 {[%clk 0:00:16]} e5 {[%clk 0:00:10]} 45. Kf2
{[%clk 0:00:15]} Kf6 {[%clk 0:00:11]} 46. Ke2 Ke6 47. Nb4 {[%clk 0:00:10]} Kd6
{[%clk 0:00:12]} 48. Nd5 {[%clk 0:00:10]} h5 {[%clk 0:00:12]} 49. h4
{[%clk 0:00:10]} gxh4 {[%clk 0:00:12]} 50. gxh4 {[%clk 0:00:11]} f5
{[%clk 0:00:13]} 51. Kd2 {[%clk 0:00:12]} fxe4 {[%clk 0:00:13]} 52. fxe4
{[%clk 0:00:13]} Kc5 {[%clk 0:00:13]} 53. Kd3 {[%clk 0:00:14]} Kd6
{[%clk 0:00:14]} 54. Ke2 {[%clk 0:00:15]} Nc5 {[%clk 0:00:15]} 55. Nxb6
{[%clk 0:00:16]} Nxe4 {[%clk 0:00:16]} 56. Nxa4 {[%clk 0:00:16]} Ng3+
{[%clk 0:00:17]} 57. Kf3 {[%clk 0:00:18]} Nf5 {[%clk 0:00:18]} 58. c5+
{[%clk 0:00:19]} Kd5 {[%clk 0:00:19]} 59. c6 {[%clk 0:00:19]} e4+
{[%clk 0:00:20]} 60. Ke2 {[%clk 0:00:20]} d3+ {[%clk 0:00:21]} 61. Kd2
{[%clk 0:00:21]} Nd6 {[%clk 0:00:21]} 62. b6 {[%clk 0:00:19]} Kxc6
{[%clk 0:00:22]} 63. Ke3 {[%clk 0:00:18]} Kd5 {[%clk 0:00:22]} 64. Nc3+
{[%clk 0:00:18]} Kc6 {[%clk 0:00:24]} 65. Na4 {[%clk 0:00:16]} Kb5
{[%clk 0:00:24]} 66. Nc3+ {[%clk 0:00:14]} Kxb6 {[%clk 0:00:26]} 67. Nd5+
{[%clk 0:00:15]} Kc5 {[%clk 0:00:27]} 68. Nf4 {[%clk 0:00:16]} Kc4
{[%clk 0:00:26]} 69. Kd2 {[%clk 0:00:15]} Kd4 {[%clk 0:00:26]} 70. Ne6+
{[%clk 0:00:15]} Ke5 {[%clk 0:00:27]} 71. Nc5 {[%clk 0:00:12]} Nc4+
{[%clk 0:00:28]} 72. Kc3 {[%clk 0:00:12]} Nxa3 {[%clk 0:00:29]} 73. Kd2
{[%clk 0:00:13]} Nc4+ {[%clk 0:00:30]} 74. Kc3 {[%clk 0:00:14]} Ne3
{[%clk 0:00:31]} 75. Kd2 {[%clk 0:00:15]} Nd5 {[%clk 0:00:32]} 76. Nd7+
{[%clk 0:00:15]} Kd4 {[%clk 0:00:33]} 77. Nf8 {[%clk 0:00:14]} e3+
{[%clk 0:00:34]} 78. Ke1 {[%clk 0:00:15]} Nf4 {[%clk 0:00:34]} 79. Nd7
{[%clk 0:00:15]} d2+ {[%clk 0:00:34]} 80. Kd1 {[%clk 0:00:16]} Ke5 0-1

[Event "Blitz 2018"]
[Site "Saint-Petersburg"]
[Date "2018.12.30"]
[Round "11"]
[Board "53"]
[White "Gvanceladze Anna (RUS)"]
[Black "Tevzadze Mariam (GEO)"]
[Result "1-0"]
[BlackElo "2082"]
[WhiteElo "2142"]
[LiveChessVersion "1.4.8"]

1. e4 {[%clk 0:03:02]} d6 {[%clk 0:03:03]} 2. d4 {[%clk 0:03:01]} g6
{[%clk 0:03:05]} 3. Nf3 {[%clk 0:03:00]} Bg7 {[%clk 0:03:06]} 4. Nc3
{[%clk 0:02:52]} Nd7 {[%clk 0:03:06]} 5. Be2 {[%clk 0:02:52]} e5 {[%clk 0:03:07]}
6. Be3 {[%clk 0:02:44]} c6 {[%clk 0:03:08]} 7. O-O {[%clk 0:02:30]} Ngf6
{[%clk 0:03:09]} 8. h3 {[%clk 0:02:29]} Qc7 {[%clk 0:03:11]} 9. Qd2
{[%clk 0:02:27]} O-O {[%clk 0:02:48]} 10. dxe5 {[%clk 0:02:26]} dxe5
{[%clk 0:02:49]} 11. Rad1 {[%clk 0:02:24]} Re8 {[%clk 0:02:32]} 12. Rfe1
{[%clk 0:02:18]} b5 {[%clk 0:02:20]} 13. a3 {[%clk 0:01:54]} Bf8 {[%clk 0:02:21]}
14. Bf1 {[%clk 0:01:45]} Nc5 {[%clk 0:02:17]} 15. Bh6 {[%clk 0:01:39]} Bxh6
{[%clk 0:02:02]} 16. Qxh6 {[%clk 0:01:39]} Ne6 {[%clk 0:01:59]} 17. Rd2
{[%clk 0:01:09]} a5 {[%clk 0:02:00]} 18. Qh4 {[%clk 0:01:03]} Kg7
{[%clk 0:01:57]} 19. Ng5 {[%clk 0:00:51]} Nxg5 {[%clk 0:01:54]} 20. Qxg5
{[%clk 0:00:52]} b4 {[%clk 0:01:52]} 21. Nb1 {[%clk 0:00:42]} h6 {[%clk 0:01:50]}
22. Qe3 {[%clk 0:00:43]} Nh5 {[%clk 0:01:31]} 23. Red1 {[%clk 0:00:43]} Nf4
{[%clk 0:01:30]} 24. Rd6 {[%clk 0:00:39]} Be6 {[%clk 0:01:26]} 25. Qc5
{[%clk 0:00:38]} Ba2 {[%clk 0:00:45]} 26. Rxc6 {[%clk 0:00:32]} Qe7
{[%clk 0:00:35]} 27. axb4 {[%clk 0:00:28]} axb4 {[%clk 0:00:35]} 28. Qxe7
{[%clk 0:00:20]} Rxe7 {[%clk 0:00:37]} 29. Rcd6 {[%clk 0:00:18]} Bxb1
{[%clk 0:00:35]} 30. Rxb1 {[%clk 0:00:19]} Rb7 {[%clk 0:00:31]} 31. Bc4
{[%clk 0:00:18]} Rab8 {[%clk 0:00:23]} 32. Rbd1 {[%clk 0:00:18]} g5
{[%clk 0:00:16]} 33. Rd7 {[%clk 0:00:19]} Rxd7 {[%clk 0:00:17]} 34. Rxd7
{[%clk 0:00:20]} Rf8 {[%clk 0:00:18]} 35. Kh2 {[%clk 0:00:14]} h5
{[%clk 0:00:14]} 36. g3 {[%clk 0:00:16]} Ng6 {[%clk 0:00:15]} 37. Kg2
{[%clk 0:00:12]} h4 {[%clk 0:00:17]} 38. Kf3 {[%clk 0:00:11]} hxg3
{[%clk 0:00:17]} 39. fxg3 {[%clk 0:00:12]} Kf6 {[%clk 0:00:15]} 40. Ke3
{[%clk 0:00:13]} Nh8 {[%clk 0:00:14]} 41. Rb7 {[%clk 0:00:13]} Rd8
{[%clk 0:00:13]} 42. Bd5 {[%clk 0:00:12]} Rc8 {[%clk 0:00:13]} 43. Kd3
{[%clk 0:00:12]} Rd8 {[%clk 0:00:12]} 44. Rxb4 {[%clk 0:00:12]} Ng6
{[%clk 0:00:12]} 45. Rb6+ {[%clk 0:00:13]} Kg7 {[%clk 0:00:13]} 46. Rb7
{[%clk 0:00:14]} Kh6 {[%clk 0:00:08]} 47. Rxf7 {[%clk 0:00:14]} Rb8
{[%clk 0:00:09]} 48. b3 Nh8 49. Rb7 {[%clk 0:00:10]} Rf8 {[%clk 0:00:08]} 50. Ke2
{[%clk 0:00:09]} Ng6 {[%clk 0:00:09]} 51. Rb6 {[%clk 0:00:10]} Kh7
{[%clk 0:00:10]} 52. Be6 {[%clk 0:00:09]} Nh8 {[%clk 0:00:08]} 53. Rb7+
{[%clk 0:00:10]} Kg8 {[%clk 0:00:12]} 54. Rf7 {[%clk 0:00:10]} 1-0

[Event "Blitz 2018"]
[Site "Saint-Petersburg"]
[Date "2018.12.30"]
[Round "11"]
[Board "54"]
[White "Dumcheva Julia (RUS)"]
[Black "Bulatova Kamaliya (RUS)"]
[Result "0-1"]
[BlackElo "2046"]
[WhiteElo "2103"]
[LiveChessVersion "1.4.8"]

1. e4 {[%clk 0:03:02]} e6 {[%clk 0:03:04]} 2. d4 {[%clk 0:03:02]} d5
{[%clk 0:03:05]} 3. Nc3 {[%clk 0:03:03]} Bb4 {[%clk 0:03:05]} 4. e5
{[%clk 0:03:01]} c5 {[%clk 0:03:06]} 5. a3 {[%clk 0:03:02]} Bxc3+
{[%clk 0:03:07]} 6. bxc3 {[%clk 0:03:02]} Ne7 {[%clk 0:03:08]} 7. h4
{[%clk 0:02:58]} Qc7 {[%clk 0:03:02]} 8. Nf3 {[%clk 0:02:54]} b6 {[%clk 0:02:43]}
9. h5 {[%clk 0:02:44]} h6 {[%clk 0:02:43]} 10. Be2 {[%clk 0:02:26]} Ba6
{[%clk 0:02:26]} 11. O-O {[%clk 0:02:25]} Bxe2 {[%clk 0:02:15]} 12. Qxe2
{[%clk 0:02:26]} c4 {[%clk 0:02:08]} 13. g4 {[%clk 0:02:19]} Nbc6
{[%clk 0:02:02]} 14. Nh4 {[%clk 0:02:15]} O-O-O {[%clk 0:01:54]} 15. a4
{[%clk 0:02:15]} g6 {[%clk 0:01:29]} 16. hxg6 {[%clk 0:02:11]} Nxg6
{[%clk 0:01:30]} 17. Nxg6 {[%clk 0:02:08]} fxg6 {[%clk 0:01:31]} 18. Ba3
{[%clk 0:02:06]} g5 {[%clk 0:01:26]} 19. Bd6 {[%clk 0:02:01]} Qh7
{[%clk 0:01:07]} 20. a5 {[%clk 0:01:53]} b5 {[%clk 0:00:57]} 21. a6
{[%clk 0:01:49]} h5 {[%clk 0:00:56]} 22. gxh5 {[%clk 0:01:46]} g4
{[%clk 0:00:55]} 23. Kg2 {[%clk 0:01:35]} Qxh5 {[%clk 0:00:45]} 24. Rh1
{[%clk 0:01:35]} Qf5 {[%clk 0:00:46]} 25. Rxh8 {[%clk 0:01:12]} Rxh8
{[%clk 0:00:47]} 26. Rh1 {[%clk 0:01:12]} Rxh1 {[%clk 0:00:46]} 27. Kxh1
{[%clk 0:01:13]} Qh5+ {[%clk 0:00:46]} 28. Kg1 {[%clk 0:01:11]} Qh3
{[%clk 0:00:45]} 29. Qe3 {[%clk 0:01:00]} Qxe3 {[%clk 0:00:17]} 30. fxe3
{[%clk 0:01:00]} Nd8 {[%clk 0:00:15]} 31. Bc5 {[%clk 0:00:58]} Kb8
{[%clk 0:00:10]} 32. Kg2 {[%clk 0:00:58]} Nf7 {[%clk 0:00:08]} 33. Kg3
{[%clk 0:00:58]} Nh6 {[%clk 0:00:09]} 34. Kf4 {[%clk 0:00:53]} Nf5
{[%clk 0:00:10]} 35. e4 {[%clk 0:00:47]} g3 {[%clk 0:00:08]} 36. exf5
{[%clk 0:00:35]} g2 {[%clk 0:00:09]} 37. fxe6 {[%clk 0:00:34]} g1=Q
{[%clk 0:00:10]} 38. e7 {[%clk 0:00:34]} Qh2+ {[%clk 0:00:10]} 39. Kf5
{[%clk 0:00:33]} Qh8 {[%clk 0:00:10]} 40. Ke6 {[%clk 0:00:30]} Qe8
{[%clk 0:00:10]} 41. Kxd5 {[%clk 0:00:30]} Qd7+ {[%clk 0:00:09]} 42. Ke4
{[%clk 0:00:29]} Qg4+ {[%clk 0:00:07]} 43. Kd5 {[%clk 0:00:28]} Qg8+
{[%clk 0:00:06]} 44. e6 {[%clk 0:00:27]} Qe8 {[%clk 0:00:06]} 45. Kd6
{[%clk 0:00:25]} Ka8 {[%clk 0:00:05]} 46. Kc7 {[%clk 0:00:22]} b4
{[%clk 0:00:04]} 47. cxb4 {[%clk 0:00:20]} Qb8+ {[%clk 0:00:05]} 48. Kd7
{[%clk 0:00:20]} Qb5+ {[%clk 0:00:03]} 49. Kd6 {[%clk 0:00:17]} Qxa6+
{[%clk 0:00:04]} 50. Ke5 {[%clk 0:00:17]} Qc8 {[%clk 0:00:06]} 51. Kf6
{[%clk 0:00:17]} Qh8+ {[%clk 0:00:07]} 52. d5 {[%clk 0:00:17]} 0-1